000 00705nam a2200253Ia 4500
003 OSt
005 20221005085549.0
006 a|||||r|||| 00| 0
007 ta
008 221004b |||||||| |||| 00| 0 eng d
024 _a29447
037 _cTextual
040 _aCRL
_cCRL
_beng
041 _2eng
_aeng
082 _aI7:5, M0
100 _aPhillips Ronald C Ed
_9614311
245 0 _aHandbook of seagrass biology
_b An ecosystem perspective.
260 _aNew York
_bGarland STPM Press
_c1980
300 _a353p
_ccm.
650 _aBOTANY
700 _a Mcroy C Peter
_9614312
942 _hI7:5, M0
_cTEXL
_2cc
999 _c994391
_d994391